Districts of Daykundi With a Map - Statistics

General Stats
  • This quiz has been taken 18 times
  • The average score is 6 of 9
Answers on the Map
Answers color-coded by a green-red scale on the quiz's map according to % correct below.
 
Answer Stats
District % Correct
Gizab
86%
Nili
86%
Kajran
71%
Sangi Takht
71%
Shahristan
71%
Ishtarlay
57%
Khadir
57%
Kiti
57%
Miramor
57%
No matching quizzes found
Score Distribution
Percent of People with Each Score
Percentile by Number Answered
Your Score History
You have not taken this quiz